000
00240nam a2200097Ia 4500
001
788183
005
20250826170354.0
008
250824s9999 xx 000 0 und d
245
0
_a
BEŞ RAHMET KAPISI
_c
UĞUR KOŞAR
260
_b
DESTEK YAYINLARI
999
_c
788183
_d
788183